<La> inversión extranjera directa en el primer trimestre.
Analýza vývoja a dynamiky priamych zahraničných investícií v Mexiku r. 1971-1991 a I. štvrťrok 1992 - odvetvová a geografická štruktúra. Mexický zákon na podporu zahraničných investícií.
Gespeichert in:
| Format: | Buchkapitel |
|---|---|
| Sprache: | Spanisch |
| Schlagworte: | |
| Tags: |
Keine Tags, Fügen Sie das erste Tag hinzu!
|
MARC
| LEADER | 00000naa a2200000 4500 | ||
|---|---|---|---|
| 001 | r009848 | ||
| 005 | 20221130112606.1 | ||
| 041 | 0 | |a spa | |
| 044 | |a MX | ||
| 245 | 1 | 0 | |a <La> inversión extranjera directa en el primer trimestre. |
| 520 | |a Analýza vývoja a dynamiky priamych zahraničných investícií v Mexiku r. 1971-1991 a I. štvrťrok 1992 - odvetvová a geografická štruktúra. Mexický zákon na podporu zahraničných investícií. | ||
| 610 | 2 | 0 | |a investície zahraničné |
| 610 | 2 | 0 | |a analýza ekonomická |
| 610 | 2 | 0 | |a Mexiko |
| 610 | 2 | 0 | |a 1971-1992 |
| 610 | 2 | 0 | |a štruktúra ekonomiky odvetvová |
| 610 | 2 | 0 | |a údaje štatistické |